000 01396nam a2200337Ia 4500
001 vtls003242229
003 MY-SjTCS
005 20200226115543.0
006 m u
007 cr cn|||||||||
008 121009s2011 ne a sb 001 0 eng d
020 _z9781608052189
035 _a(OCoLC)763161042
035 _a(CaPaEBR)ebr10504679
039 9 _y201210090945
_zwilmina
040 _aCaPaEBR
_cCaPaEBR
050 1 4 _aR857.S47
_bG67 2011eb
245 0 0 _aRecent advances in biomedical signal processing
_h[electronic resource] /
_ceditors, Juan Manuel Górriz, Elmar W. Lang, Javier Ramírez.
260 _aHilversum, The Netherlands :
_bBentham Science Publishers,
_c2011.
300 _axiii, 271 p. :
_bill.
504 _aIncludes bibliographical references and index.
533 _aElectronic reproduction.
_bPalo Alto, Calif. :
_cebrary,
_d2011.
_nAvailable via World Wide Web.
_nAccess may be limited to ebrary affiliated libraries.
650 0 _aSignal processing.
650 0 _aBiomedical engineering.
_919411
655 7 _aElectronic books.
_2local
700 1 _aGorriz, Juan Manuel.
700 1 _aLang, Elmar W.
700 1 _aRamirez, Javier.
710 2 _aebrary, Inc.
_925628
856 4 0 _uhttps://ezproxy.taylors.edu.my/login?url=http://site.ebrary.com/lib/taylorscollege/Doc?id=10504679
_zAn electronic book accessible through the World Wide Web; click to view
999 _c149999